Flag Quiz - Statistics

General Stats
  • This quiz has been taken 13 times
  • The average score is 9 of 11
Answer Stats
Picture Answer % Correct
Australia
100%
Brazil
100%
Canada
100%
China
100%
Argentina
90%
Netherlands
90%
Saudi Arabia
90%
Russia
80%
Cambodia
60%
Cameroon
60%
Comoros
40%
No matching quizzes found
Score Distribution
Percent of People with Each Score
Percentile by Number Answered
Your Score History
You have not taken this quiz